000 01181nam a2200325 i 4500
001 200429943
003 TR-AnTOB
005 20250714131923.0
007 ta
008 180620s2013 tu g 000 0 tur d
022 _213004174
040 _aTR-AnTOB
_beng
_erda
_cTR-AnTOB
_dTR-AnTOB
041 0 _atur
050 0 0 _aDR417
_b.Y46 3013
090 _aDR417
_b.Y46 2013
245 0 0 _aYeni Türkiye :
_bTürk dünyası özel sayısı.
264 1 _aAnkara :
_bYeni Türkiye Stratejik Araştırma Merkezi,
_c2013.
300 _a2 volumes ;
_c27 cm
336 _atext
_2rdacontent
_btxt
337 _aunmediated
_2rdamedia
_bn
338 _avolume
_2rdacarrier
_bnc
500 _aYeni Türkiye : Yıl 9, Sayı 53-54 (Temmuz-Ağustos-Eylül-Ekim 2013) "Türk Dünyası Özel Sayısı"
505 0 _ac.1 Türk Dünyası Özel Sayısı 1 -- c.2 Türk Dünyası Özel Sayısı 2
651 0 _aTurkey
_xForeign relations
_977486
651 7 _aTürkiye
_xSiyaset ve yönetim
_y21. yüzyıl
_2etuturkob
_990146
651 0 _aTurkey
_xPolitics and government
_y21st century
_970599
651 0 _aTürkiye
_xDış ilişkiler
_9120441
942 _2lcc
_cBK
999 _c200429943
_d47869